000 00505nam a22001817a 4500
005 20161130122705.0
010 _aENG-116713
020 _a9788184845068
_c1250.00
035 _aEN-100245
037 _bDBAD/PUB
082 _a657.03
100 _aVasan,M
245 _aAccounting dictionary /
_cby M. Vasan
260 _aNew Delhi
_bRegal Publications
_c2016
270 _aF-159, Rajouri Garden
_bNew Delhi
_e110027
300 _avi,312p.
_c23cm(Hb)
942 _2ddc
_cEN
_h657.03
_mVAS
999 _c104866
_d104866